| 000 | 00582nam a22001817a 4500 | ||
|---|---|---|---|
| 999 |
_c12011 _d12011 |
||
| 008 | 211112b ||||| |||| 00| 0 eng d | ||
| 020 | _a9789280117301 | ||
| 082 | 0 | 0 |
_a343.0962 _bIMO |
| 100 | _a International Maritime Organization | ||
| 245 | _aCSS code : Code of safe practice for cargo stowage and securing | ||
| 250 | _a2021 Ed. | ||
| 260 |
_aLondon _b International Maritime Organization _c2021 |
||
| 300 | _avi, 173p. | ||
| 650 | _aShips--Cargo--Safety regulations | ||
| 650 | _aStowage--Safety regulations | ||
| 650 | _aCargo handling--Safety regulations | ||
| 942 | _cBK | ||